Loading...
| Religion | 2 | 4 | 0 | 2 | 70 | 29 | 87.33 | 3 | 6 |
| Science - Biology | 1 | 3 | 0 | 1 | 45 | 48 | 85.75 | 3 | 4 |
| Fine Arts - Other Fine Arts | 2 | 1 | 0 | 1 | 40 | 33 | 82.00 | 3 | 3 |
| History - European History | 2 | 1 | 1 | 0 | 35 | 48 | 65.00 | 3 | 3 |
| Science - Other Science | 1 | 2 | 0 | 0 | 35 | 62 | 88.33 | 1 | 3 |
| Science - Chemistry | 1 | 2 | 0 | 1 | 35 | 34 | 81.67 | 2 | 3 |
| History - Other History | 2 | 0 | 0 | 0 | 30 | 39 | 48.50 | 2 | 2 |
| Literature - European Literature | 0 | 3 | 0 | 1 | 30 | 90 | 101.67 | 1 | 3 |
| Philosophy | 0 | 3 | 0 | 1 | 30 | 74 | 94.33 | 3 | 3 |
| Social Science | 0 | 3 | 0 | 1 | 30 | 85 | 100.67 | 3 | 3 |
| Fine Arts - Auditory Fine Arts | 1 | 1 | 0 | 1 | 25 | 53 | 84.50 | 2 | 2 |
| History - American History | 2 | 0 | 1 | 0 | 25 | 66 | 66.00 | 2 | 2 |
| Literature - American Literature | 1 | 1 | 1 | 0 | 20 | 54 | 72.00 | 2 | 2 |
| Mythology | 0 | 1 | 0 | 0 | 10 | 118 | 118.00 | 1 | 1 |
| Literature - World Literature | 0 | 1 | 0 | 0 | 10 | 95 | 95.00 | 1 | 1 |
| Religion- Edited | 0 | 1 | 0 | 0 | 10 | 108 | 108.00 | 0 | 1 |
| Mythology- Edited | 0 | 1 | 0 | 1 | 10 | 119 | 119.00 | 0 | 1 |
| Science - Physics | 0 | 1 | 0 | 1 | 10 | 131 | 131.00 | 0 | 1 |
| Fine Arts - Visual Fine Arts | 0 | 1 | 1 | 0 | 5 | 94 | 94.00 | 0 | 1 |
| Geography | 0 | 0 | 1 | 0 | -5 | 0.00 | 0 | 0 | |
| History - World History | 0 | 0 | 1 | 0 | -5 | 0.00 | 0 | 0 |